| 000 | 00530nam a2200181 a 4500 | ||
|---|---|---|---|
| 001 | 2528 | ||
| 003 | CDMR | ||
| 005 | 20130502193039.0 | ||
| 008 | 130130s2000||||||||||||||||||||||||||||d | ||
| 020 | _a8489644497 | ||
| 040 |
_aCDMR _bcat _cCPC GIRONA |
||
| 100 | 1 |
_aRoig, Sebastià _91895 |
|
| 245 | 1 | 4 |
_aLes generacions del còmic _b: de la família Ulises als Manga _cSebastià Roig |
| 260 |
_aBarcelona _bFlor del Vent _c2000 |
||
| 490 | 0 |
_aDe llevant a ponent _v12 |
|
| 650 | 0 | 4 |
_93313 _aCòmics _xHistòria i crítica |
| 942 |
_cMON _2udc |
||
| 999 |
_c2528 _d2528 |
||